1M+ African Cities Sudden Death - Statistics

General Stats
  • This quiz has been taken 52 times
  • The average score is 4 of 21
Answers on the Grid
Answers color-coded by a green-red scale on the quiz's grid according to % correct below.
Kano
Dar es Salaam
Abidjan
Nairobi
Dakar
Douala
Ibadan
Tunis
Maputo
Monrovia
Kigali
Mombasa
Bujumbura
Niamey
Cairo
Khartoum-Omdurman
Johannesburg
Casablanca
Abuja
Durban
Antananarivo
Gaborone
Yamoussoukro
Timbuktu
Kaduna
Vereeniging
Constantine
Porto Novo
Zanzibar
Ndola
Accra
Cologne
Manzini
Mbabane
Juba
Maseru
Toliara
Lilongwe
Mtwara
Ziguinchor
 
Answer Stats
Answer % Correct
Johannesburg
67%
Kano
67%
Cairo
50%
Nairobi
50%
Abidjan
33%
Abuja
17%
Casablanca
17%
Dakar
17%
Dar es Salaam
17%
Ibadan
17%
Kigali
17%
Mombasa
17%
Monrovia
17%
Niamey
17%
Tunis
17%
Antananarivo
0%
Bujumbura
0%
Douala
0%
Durban
0%
Khartoum-Omdurman
0%
Maputo
0%
No matching quizzes found
Score Distribution
Percent of People with Each Score
Percentile by Number Answered
Your Score History
You have not taken this quiz